Papyrus grecs du Musée gréco-romain d'Alexandrie /

محفوظ في:

المؤلف الرئيسي: Świderkówna, Anna (مؤلف)

مؤلف مشترك: Matḥaf al-Yūnānī al-Rūmānī (Alexandria, Egypt)

مؤلفون آخرون: Vandoni, Mariangela, 1929-1979.

التنسيق: كتاب

اللغة: French
Ancient Greek

منشور في: Warszawa : [PWN-Éditions scientifiques de Pologne], 1964.

سلاسل: Travaux du Centre d'archéologie méditerranéenne de l'Academie polonaise des sciences ; 2.

الموضوعات:

الوسوم: إضافة وسم

لا توجد وسوم, كن أول من يضع وسما على هذه التسجيلة!

رقم الطلب: PA3303 .S93

LEADER 01185nam a22002897a 4500
003 OSt
005 20250922090315.0
008 250922s1964 pl fh bc 001 0 fre d
010 |a 68072497 
040 |c ARCE Library 
041 0 |a fre  |a grc 
043 |a f-ua--- 
050 1 4 |a PA3303  |b .S93 
100 1 |a Świderkówna, Anna  |e author  |9 40740 
245 1 0 |a Papyrus grecs du Musée gréco-romain d'Alexandrie /   |c Anna Świderek et Mariangela Vandoni. 
264 1 |a Warszawa :   |b [PWN-Éditions scientifiques de Pologne],   |c 1964. 
300 |a 106 pages, [13] leaves of plates :   |b facsimiles ;   |c 24 cm. 
490 1 |a Travaux du Centre d'archéologie méditerranéenne de l'Academie polonaise des sciences ;   |v 2. 
500 |a Added t. p. : in Polish. 
504 |a Includes bibliographical references (page 8) and indexs. 
650 0 |a Manuscripts, Greek (Papyri)  |z Egypt  |z Alexandria  |v Catalogs. 
700 1 |a Vandoni, Mariangela,  |d 1929-1979.  |9 41558 
710 2 |a Matḥaf al-Yūnānī al-Rūmānī (Alexandria, Egypt) 
830 0 |a Travaux du Centre d'archéologie méditerranéenne de l'Academie polonaise des sciences ;   |v 2. 
901 |a reviewed 
942 |c BK  |2 lcc 
999 |c 22259  |d 22259